| 000 | 00680nam a22001577a 4500 | ||
|---|---|---|---|
| 999 |
_c16516 _d16516 |
||
| 008 | 170926b xxu||||| |||| 00| 0 eng d | ||
| 020 | _a1846283817 | ||
| 040 |
_aKABU _cKABU |
||
| 050 |
_aKTC TK5105.525 _b.L66 2007 |
||
| 100 | _aLoo, Alfred Wai-sing | ||
| 245 |
_aPeer-to-peer computing _bbuilding supercomputers with web technologies _cby Alfred Wai-sing Loo |
||
| 260 |
_a? _bSpringer _c2007 |
||
| 300 | _ax, 268 p. | ||
| 650 |
_2 _aPeer-to-peer architecture (computer networks) |
||
| 942 |
_2lcc _cBK _hKTC TK5105.525 .L66 2007 c.1 |
||